| 000 | 00839cam a22002778a 4500 | ||
|---|---|---|---|
| 008 | |||
| 020 | _a0073029084 (pbk.) | ||
| 049 | 0 | 0 | _aMAIN |
| 090 |
_aGV481 _bFAH |
||
| 100 | 1 | _aFahey, Thomas D. | |
| 245 | 1 | 0 |
_aFit & well : _bcore concepts and labs in physical fitness and wellness / _cThomas D. Fahey, Paul M. Insel, Walton T. Roth. |
| 250 | _a7th ed. | ||
| 260 |
_aBoston : _bMcGraw-Hill, _c2006. |
||
| 300 |
_axx, 442 [50] p. : _bcol ill. ; _c27cm. |
||
| 504 | _aIncludes bibliographical references. | ||
| 500 | _aIncludes index. | ||
| 650 | 0 | _aPhysical fitness. | |
| 650 | 0 | _aHealth. | |
| 700 | 1 | _aInsel, Paul M. | |
| 700 | 1 | _aRoth, Walton T. | |
| 907 |
_a.b10293231 _b11-02-13 _c14-03-11 |
||
| 003 | |||
| 005 | 20230123125203.0 | ||
| 040 | _cNUST | ||
| 942 |
_cBOOKS _kGV481 _mFAH |
||
| 999 |
_c137213 _d137213 |
||